Rp̌ublique dm̌ocratique du Congo les hommes, les partis et les iděs /

Detalles Bibliográficos
Autor principal: Ekofo, Christian
Formato: eBook
Publicado: Pars̕: Éditions Universitaires Europěnes, 2019
Materias:
Acceso en línea:Acceso restringido

MARC

LEADER 00000nam a22000007a 4500
005 20191003214451.0
007 cr|||| ||||
008 191003s2019 fr |||||s|||| 00||0 fra d
020 |a 9786139500857 
035 |a 29049 
040 |a vLex 
090 |c 9692  |d 9692 
100 1 |a Ekofo, Christian 
245 1 0 |a Rp̌ublique dm̌ocratique du Congo  |h [Recurso electrn̤ico] :  |b les hommes, les partis et les iděs /  |c Christian Ekofo 
256 |a Servicio en ln̕ea 
260 |a Pars̕:  |b Éditions Universitaires Europěnes,  |c 2019 
300 |a 1 recurso electrn̤ico 
500 |a Rp̌ublique Dm̌ocratique du Congo, les hommes les partis et les iděs politiques s’appuient sur des documents rp̌utš sřieux. Il suffit de les mettre en relation…. Et de rčupřer certaines dates et certains faits, les hommes, les partis et leurs iděs politiques, ainsi nous avons os ̌le faire. Vous connaissez son histoire. Oui certes ! L’histoire politique de la Rp̌ublique Dm̌ocratique du Congo. Mais de ces rčits le monde n’a retenu que crises politiques, mutineries, assassinats, coup d’Etat militaire ect…Mais, pas les hommes. Pourtant parfois, en regardant de plus prs̈ ces crises et mutineries se confondent avec les hommes, les partis et les iděs politiques que nous osons dm̌onter ̉travers cette ťude. 
506 1 |a Disponible solo en los productos indicados  |d vLex Global  |d vLex Global (Academic Edition, excluding Law Schools)  |d vLex Global (U.S. Academic Edition, Law Schools)  |d vLex Global (U.S. Academic Edition, excluding Law Schools)  |d vLex Global (Academic Edition, Law Schools) 
650 0 4 |a Derecho Pb︢lico y Administrativo  |z Francia 
740 0 |a vLex Libros (Servicio en ln̕ea) 
856 4 0 |u http://vlex.com/source/29049  |z Acceso restringido 
942 |c BOOK 
999 0 |a Public and Administrative Law